| 000 | 00813nam a2200193 a 4500 | ||
|---|---|---|---|
| 008 | 130408s2010 ||||||||||||||||| || u | ||
| 020 | _a9781444100259 | ||
| 050 | _aHD 62.5 Dun | ||
| 100 | _aDuncan, Kevin | ||
| 245 | 1 | 0 |
_aRun your own business _cby Kevin Duncan |
| 260 |
_aLondon: _bHodder Education _c2010 |
||
| 300 | _axxvi, 178p. | ||
| 490 | _aTeach yourself | ||
| 500 | _aIncludes Bibliography | ||
| 650 | _aSMALL BUSINESS--MANAGEMENT | ||
| 650 | _aNEW BUSINESS ENTERPRISES--PLANNING | ||
| 995 |
_aMAIN LIBRARY OPEN ACCESS _e743665 _FCBU-MAIN LIBRARY (Kitwe) _jHD 62.5 Dun _M2 _UAVAILABLE _WJun 19, 2013 _y743665 _ZMain Library Open Access Collection |
||
| 995 |
_aMAIN LIBRARY OPEN ACCESS _e743664 _FCBU-MAIN LIBRARY (Kitwe) _jHD 62.5 Dun _M1 _UAVAILABLE _WJun 19, 2013 _y743664 _ZMain Library Open Access Collection |
||
| 999 |
_c80269 _d80269 |
||